MARC

LEADER 00000nas a2200000 i 4500
001 ssj0000649961
003 WaSeSS
005 20200512172242.0
006 m d
007 cr n
008 040629c20uu9999pl ar p s 0 0eng
010 |a  2016207126 
015 |a 975597450  |2 dnb 
016 7 |a 975597450  |2 DE-101 
016 7 |a 2194702-8  |2 DE-600 
016 7 |a 21947028  |2 de-600 
022 |a 2335-870X  |l 1648-8024  |y 1648-8024 
035 |a (WaSeSS)ssj0000649961 
040 |a Nz  |b eng  |c UX1  |d OCLCF  |d OCLCO  |d OCLCQ  |d UBF  |d RDF  |d CUS  |d OCLCO  |d CUS  |d NLGGC  |d CUS  |d DLC  |d OCLCO  |d DLC  |d OCLCO  |d DLC  |d OCL  |d OCLCO  |d Z5A  |d VT2  |d OCLCQ  |d WY@  |d U3W  |d UOK  |d AU@  |d WYU  |d AUD  |d OCL  |d WaSeSS 
042 |a lccopycat 
043 |a e-li--- 
050 0 0 |a UA10.5 
082 1 4 |a [E] 
130 0 |a Lietuvos metine strategine apzvalga.  |l English. 
210 0 |a Lith. annu. strateg. rev.  |b (Online) 
222 0 |a Lithuanian annual strategic review  |b (Online) 
245 1 0 |a Lithuanian annual strategic review  |h [electronic resource]. 
246 1 |a Journal of Military Academy of Lithuania 
260 |a Vilnius :  |b General Jonas Žemaitis Lithuanian Military Academy 
260 3 |3 <2014-> :  |a Warsaw, Poland :  |b DE GRUYTER OPEN 
310 |a Annual 
506 |a License restrictions may limit access. 
588 |a Description based on: Vol. 9, issue 1 (Jan. 2011); title from journal home page (publisher website, viewed May 20, 2016). 
588 |a Latest issue consulted: Vol. 13, issue 1 (Dec. 2015) (publisher website, viewed May 20, 2016). 
650 0 |a National security  |z Lithuania  |v Periodicals. 
650 0 |a Strategy  |v Periodicals. 
650 0 |a Geopolitics  |v Periodicals. 
650 0 |a Geopolitics  |z Europe, Eastern  |v Periodicals. 
650 7 |a Geopolitics.  |2 fast  |0 (OCoLC)fst00941045 
650 7 |a Military policy.  |2 fast  |0 (OCoLC)fst01021386 
650 7 |a Military readiness.  |2 fast  |0 (OCoLC)fst01021419 
650 7 |a National security.  |2 fast  |0 (OCoLC)fst01033711 
650 7 |a Strategy.  |2 fast  |0 (OCoLC)fst01134406 
651 0 |a Lithuania  |x Military policy  |v Periodicals. 
651 0 |a Lithuania  |x Defenses  |v Periodicals. 
651 7 |a Eastern Europe.  |2 fast  |0 (OCoLC)fst01245079 
651 7 |a Lithuania.  |2 fast  |0 (OCoLC)fst01227863 
655 0 |a Electronic journals. 
710 2 |a Generolo Jono Žemaičio Lietuvos Karo akademija. 
710 2 |a Vilniaus Universitetas.  |b Tarptautinių santykių ir politikos mokslų institutas. 
710 2 |a Strateginiu tyrimu centras (Vilnius, Lithuania) 
773 0 |t DOAJ: Directory of Open Access Journals  |d DOAJ: Directory of Open Access Journals 
776 0 8 |i Print version:  |t Lietuvos metine strategine apzvalga. English  |x 1648-8024  |w (DLC) 2004204571  |w (OCoLC)55760731 
850 |a DLC 
856 4 0 |z Full text available from Research Library: 01/01/2011 to 12/31/2014  |u https://search.proquest.com/publication/2026597 
856 4 0 |z Full text available from Research Library: 01/01/2016 to present  |u https://search.proquest.com/publication/2026597